[Event "CZE-ch Amateur"]
[Site "Luhacovice"]
[Date "2022.03.19"]
[Round "9"]
[White "Sremanak, Slavomir"]
[Black "Buchcar, Tomas"]
[Result "0-1"]
[WhiteElo "2187"]
[BlackElo "2121"]
[PlyCount "80"]
[EventDate "2022.03.12"]
[EventType "swiss"]
[EventRounds "9"]
[EventCountry "CZE"]
[SourceTitle "EXT 2023"]
[Source "ChessBase"]
[SourceDate "2022.10.05"]
[SourceVersion "1"]
[SourceVersionDate "2022.10.05"]
[SourceQuality "1"]

1. e4 c6 2. d3 g6 3. f4 d5 4. Nd2 Bg7 5. Ngf3 Bg4 6. Be2 e6 7. 0-0 Nd7 8. a4 Ngf6 9. h3 Bxf3 10. Bxf3 Qb6+ 11. Kh1 h5 12. a5 Qc7 13. e5 Ng8 14. b4 Ne7 15. Nb3 Nf5 16. Re1 Bf8 17. Bd2 Be7 18. Rg1 c5 19. c4 dxc4 20. Nxc5 Nxc5 21. bxc5 0-0 22. a6 Bxc5 23. axb7 Rab8 24. Ba5 Qe7 25. Rb1 cxd3 26. g3 Bxg1 27. Qxg1 Qd7 28. Qxa7 Qa4 29. Qc5 Nxg3+ 30. Kg2 Qa2+ 31. Kxg3 Qxb1 32. f5 exf5 33. e6 fxe6 34. Bc3 Rxb7 35. Qe5 Kh7 36. Qxe6 Qg1+ 37. Kh4 Qf2+ 38. Kg5 Qg3+ 39. Bg4 Rg8 40. Qd5 Qe3+ 0-1

[Event "SVK-chT1E 2122"]
[Site "Slovakia"]
[Date "2022.01.29"]
[Round "1.1"]
[White "Sremanak, Slavomir"]
[Black "Verbovsky, Michal"]
[Result "1-0"]
[WhiteElo "2195"]
[BlackElo "2031"]
[PlyCount "63"]
[EventDate "2022.01.29"]
[EventType "team-tourn"]
[EventRounds "11"]
[EventCountry "SVK"]
[SourceTitle "EXT 2023"]
[Source "ChessBase"]
[SourceDate "2022.10.05"]
[SourceVersion "1"]
[SourceVersionDate "2022.10.05"]
[SourceQuality "1"]
[WhiteTeam "Presov Tatran Dason"]
[BlackTeam "Sabinov"]
[WhiteTeamCountry "SVK"]
[BlackTeamCountry "SVK"]

1. Nf3 Nf6 2. c4 e6 3. Nc3 b6 4. e4 d6 5. d4 Be7 6. Bd3 0-0 7. e5 dxe5 8. dxe5 Nfd7 9. Be4 c6 10. Qe2 Nc5 11. Bb1 a5 12. h4 f5 13. exf6 gxf6 14. Ng5 fxg5 15. hxg5 Bxg5 16. Qh5 Nd3+ 17. Bxd3 Qxd3 18. Bxg5 Nd7 19. Rd1 Qf5 20. Qh4 Ne5 21. Ne4 Ra7 22. Nf6+ Kh8 23. f4 Nd3+ 24. Ke2 Ba6 25. b3 Nc5 26. Qh6 Raf7 27. g4 Qc2+ 28. Rd2 Bxc4+ 29. bxc4 Qxc4+ 30. Kd1 Qa4+ 31. Ke1 Qb4 32. Qxh7+ 1-0

[Event "SVK-chT2D 1819"]
[Site "Slovakia"]
[Date "2019.03.02"]
[Round "8.1"]
[White "Sremanak, Slavomir"]
[Black "Kratochvil, Karel"]
[Result "1-0"]
[WhiteElo "2154"]
[BlackElo "2149"]
[PlyCount "57"]
[EventDate "2018.10.13"]
[EventType "team-tourn"]
[EventRounds "11"]
[EventCountry "SVK"]
[SourceTitle "CBM 189 Extra"]
[Source "ChessBase"]
[SourceDate "2019.06.03"]
[SourceVersion "1"]
[SourceVersionDate "2019.06.03"]
[SourceQuality "1"]
[WhiteTeam "Presov Tatran Dason"]
[BlackTeam "Margecany"]
[WhiteTeamCountry "SVK"]
[BlackTeamCountry "SVK"]

1. c4 Nf6 2. Nc3 e6 3. e4 Nc6 4. d4 Bb4 5. Bd3 Nxd4 6. e5 Ng8 7. Qg4 Ne7 8. Qxd4 Nc6 9. Qe4 d5 10. exd6 cxd6 11. Nge2 f5 12. Qe3 Ne5 13. f4 Ng4 14. Qg3 Bc5 15. Nd1 e5 16. h3 exf4 17. Bxf4 Nf6 18. Be3 Bb4+ 19. Ndc3 0-0 20. 0-0 Re8 21. Bd4 Nh5 22. Qf3 Qg5 23. Nd5 Bc5 24. Bxc5 dxc5 25. Nc7 Bd7 26. Nxe8 Bc6 27. Qf2 Rxe8 28. Bxf5 Nf4 29. Nxf4 1-0

[Event "SVK-chT2D 1819"]
[Site "Slovakia"]
[Date "2018.11.18"]
[Round "4.1"]
[White "Sremanak, Slavomir"]
[Black "Konak, Jan"]
[Result "1/2-1/2"]
[WhiteElo "2154"]
[BlackElo "2123"]
[PlyCount "114"]
[EventDate "2018.10.13"]
[EventType "team-tourn"]
[EventRounds "11"]
[EventCountry "SVK"]
[SourceTitle "CBM 187 Extra"]
[Source "ChessBase"]
[SourceDate "2018.11.04"]
[SourceVersion "1"]
[SourceVersionDate "2018.11.04"]
[SourceQuality "1"]
[WhiteTeam "Presov Tatran Dason"]
[BlackTeam "Spisska Nova Ves"]
[WhiteTeamCountry "SVK"]
[BlackTeamCountry "SVK"]

1. d4 d5 2. Nf3 Bf5 3. Bf4 e6 4. e3 Bd6 5. Bg3 Nf6 6. Nbd2 0-0 7. Be2 h6 8. c4 Nc6 9. cxd5 exd5 10. a3 a6 11. Rc1 Re8 12. Qb3 Bxg3 13. hxg3 Rb8 14. Qc3 Re6 15. b4 Ne4 16. Nxe4 Bxe4 17. a4 Qe8 18. b5 axb5 19. axb5 Bxf3 20. gxf3 Ne7 21. 0-0 c6 22. Bd3 Rf6 23. e4 cxb5 24. e5 Rc6 25. Qb2 Rb6 26. Rc5 b4 27. Rfc1 Qa4 28. Ra1 Qd7 29. Raa5 Rd8 30. Rab5 Rxb5 31. Bxb5 Qf5 32. Kg2 h5 33. Qxb4 h4 34. Rc3 Ng6 35. Kh2 Ra8 36. Qb2 Qh5 37. Kg2 hxg3 38. fxg3 Qg5 39. Kf2 Qh6 40. Bf1 Ra4 41. f4 Ne7 42. Kg1 Rxd4 43. Qxb7 Rd2 44. Qb8+ Kh7 45. Qb1+ g6 46. Bg2 Qh5 47. Rf3 Qf5 48. Qxf5 Nxf5 49. Ra3 Kg7 50. g4 Nh6 51. Bf3 Rd4 52. Kf2 Rxf4 53. Kg3 Rd4 54. Ra7 Kf8 55. Rd7 Ke8 56. Rxd5 Rxd5 57. Bxd5 g5 1/2-1/2

[Event "SVK-chT2D 1819"]
[Site "Slovakia"]
[Date "2018.10.13"]
[Round "1.1"]
[White "Sremanak, Slavomir"]
[Black "Kravec, Patrik"]
[Result "1-0"]
[WhiteElo "2154"]
[BlackElo "2129"]
[PlyCount "51"]
[EventDate "2018.10.13"]
[EventType "team-tourn"]
[EventRounds "11"]
[EventCountry "SVK"]
[SourceTitle "CBM 187 Extra"]
[Source "ChessBase"]
[SourceDate "2018.11.04"]
[SourceVersion "1"]
[SourceVersionDate "2018.11.04"]
[SourceQuality "1"]
[WhiteTeam "Presov Tatran Dason"]
[BlackTeam "Sabinov II"]
[WhiteTeamCountry "SVK"]
[BlackTeamCountry "SVK"]

1. Nf3 f5 2. e4 fxe4 3. Ng5 Nf6 4. d3 exd3 5. Bxd3 d5 6. Nxh7 e6 7. Bg6+ Kd7 8. Ng5 Qe7 9. Nf7 Rh4 10. f4 c5 11. Nc3 Nc6 12. 0-0 Kc7 13. f5 d4 14. Bg5 dxc3 15. Bxh4 cxb2 16. Bg3+ e5 17. Rb1 Ne4 18. f6 gxf6 19. Bxe4 Qxf7 20. Bxc6 Kxc6 21. Bxe5 Be7 22. Rxf6+ Bxf6 23. Qd6+ Kb5 24. Rxb2+ Ka4 25. Qxc5 Be7 26. Rb4+ 1-0

[Event "SVK-chT1E 1718"]
[Site "Slovakia"]
[Date "2017.10.21"]
[Round "1.2"]
[White "Sremanak, Slavomir"]
[Black "Urhegyi, Marton"]
[Result "0-1"]
[WhiteElo "2133"]
[BlackElo "2249"]
[PlyCount "86"]
[EventDate "2017.10.21"]
[EventType "team-tourn"]
[EventRounds "11"]
[EventCountry "SVK"]
[SourceTitle "CBM 181 Extra"]
[Source "ChessBase"]
[SourceDate "2017.12.12"]
[SourceVersion "1"]
[SourceVersionDate "2017.12.12"]
[SourceQuality "1"]
[WhiteTeam "Margecany OSK"]
[BlackTeam "Cebovce"]
[WhiteTeamCountry "SVK"]
[BlackTeamCountry "SVK"]

1. e4 c5 2. a3 Nc6 3. b4 e5 4. b5 Nce7 5. Nf3 Ng6 6. h4 h5 7. Bc4 Be7 8. c3 Bf6 9. Qb3 Qe7 10. d3 d6 11. Bg5 Be6 12. Nbd2 Nh6 13. Bxe6 fxe6 14. Bxh6 gxh6 15. g3 0-0 16. 0-0-0 Kh7 17. Rdf1 b6 18. Qd1 a6 19. bxa6 Rxa6 20. Ng5+ Kg7 21. Qxh5 Rxa3 22. Nb1 Ra1 23. Nh3 Qa7 24. Qe2 Ra8 25. Qb2 Qa3 26. Qxa3 R8xa3 27. Rd1 R3a2 28. Rhf1 Ne7 29. f3 Rg2 30. Rg1 Rh2 31. Rh1 Raa2 32. Rxh2 Rxh2 33. Ng1 Rg2 34. Nd2 b5 35. c4 b4 36. Rf1 Rxg3 37. Ne2 Rg2 38. Kd1 Ng6 39. Nb3 Nf4 40. Nxf4 exf4 41. Rh1 Bc3 42. Kc1 Kf6 43. Rh3 Rb2 0-1

[Event "CZE-chT2E 1617"]
[Site "Czech Republic"]
[Date "2017.01.15"]
[Round "6.6"]
[White "Kupcik, Zdenek"]
[Black "Sremanak, Slavomir"]
[Result "0-1"]
[WhiteElo "1931"]
[BlackElo "2156"]
[PlyCount "72"]
[EventDate "2016.09.10"]
[EventType "team-tourn"]
[EventRounds "11"]
[EventCountry "CZE"]
[SourceTitle "EXT 2022"]
[Source "ChessBase"]
[SourceDate "2021.10.06"]
[SourceVersion "1"]
[SourceVersionDate "2021.10.06"]
[SourceQuality "1"]
[WhiteTeam "Vyskov"]
[BlackTeam "Prusanky Podluzan"]
[WhiteTeamCountry "CZE"]
[BlackTeamCountry "CZE"]

1. e4 c5 2. Nf3 d6 3. d4 cxd4 4. Nxd4 Nf6 5. Nc3 a6 6. Be2 e5 7. Nb3 Be6 8. Bf3 Nbd7 9. 0-0 Rc8 10. Re1 Be7 11. Be3 b5 12. Qe2 0-0 13. Rad1 b4 14. Nd5 Bxd5 15. exd5 a5 16. Rd2 a4 17. Nc1 e4 18. Bg4 Nxg4 19. Qxg4 f5 20. Qe2 Bf6 21. Bd4 Ne5 22. b3 Qe8 23. Kh1 a3 24. Qf1 Qh5 25. Ne2 Ng4 26. h3 Qh6 27. Rdd1 Rxc2 28. Kg1 Bxd4 29. Rxd4 Ne5 30. Nc1 Rfc8 31. Rdd1 Qg5 32. Kh1 h5 33. Re3 f4 34. Rxe4 f3 35. Ree1 Rxc1 36. Rxc1 Rxc1 0-1

[Event "SVK-chT1E 1617"]
[Site "Slovakia"]
[Date "2016.12.10"]
[Round "5.3"]
[White "Sremanak, Slavomir"]
[Black "Konak, Jan"]
[Result "1-0"]
[WhiteElo "2155"]
[BlackElo "2145"]
[PlyCount "87"]
[EventDate "2016.10.15"]
[EventType "team-tourn"]
[EventRounds "11"]
[EventCountry "SVK"]
[SourceTitle "EXT 2018"]
[Source "ChessBase"]
[SourceDate "2017.10.13"]
[SourceVersion "1"]
[SourceVersionDate "2017.10.13"]
[SourceQuality "1"]
[WhiteTeam "Margecany Eltra"]
[BlackTeam "Kezmarok"]
[WhiteTeamCountry "SVK"]
[BlackTeamCountry "SVK"]

1. e4 c5 2. Nf3 d6 3. c4 Nc6 4. d4 Bg4 5. d5 Nd4 6. Be3 Qa5+ 7. Nc3 Nxf3+ 8. gxf3 Bd7 9. a3 g6 10. b4 Qc7 11. bxc5 dxc5 12. d6 Qxd6 13. Qb3 Bg7 14. Rd1 Bd4 15. Bxd4 cxd4 16. Nb5 Bxb5 17. Qxb5+ Qd7 18. Rxd4 Qxb5 19. cxb5 Rc8 20. Ra4 Ra8 21. b6 a6 22. Rc4 Nf6 23. Rc7 Rb8 24. Bh3 e6 25. Ke2 Nd7 26. Rb1 Ne5 27. Ke3 g5 28. Rc5 Nd7 29. Rxg5 Ke7 30. a4 Rbc8 31. Rb3 Rc4 32. a5 h6 33. Rg1 Ra4 34. Rc1 Rxa5 35. Rc7 Rc5 36. Rxb7 Rb8 37. Rxb8 Nxb8 38. Bf1 Kd7 39. f4 Rh5 40. Rc3 Rxh2 41. Rc7+ Kd8 42. Rxf7 Rh1 43. Bc4 Re1+ 44. Kd2 1-0

[Event "SVK-chT1E 1516"]
[Site "Slovakia"]
[Date "2015.12.12"]
[Round "5.6"]
[White "Stofan, Jozef"]
[Black "Sremanak, Slavomir"]
[Result "1/2-1/2"]
[WhiteElo "2099"]
[BlackElo "2200"]
[PlyCount "37"]
[EventDate "2015.10.24"]
[EventType "team-tourn"]
[EventRounds "11"]
[EventCountry "SVK"]
[SourceTitle "CBM 170 Extra"]
[Source "ChessBase"]
[SourceDate "2016.02.25"]
[SourceVersion "1"]
[SourceVersionDate "2016.02.25"]
[SourceQuality "1"]
[WhiteTeam "Spisska Nova Ves"]
[BlackTeam "Margecany"]
[WhiteTeamCountry "SVK"]
[BlackTeamCountry "SVK"]

1. e4 c5 2. f4 d5 3. exd5 Nf6 4. Bb5+ Nbd7 5. c4 a6 6. Bxd7+ Bxd7 7. Nf3 e6 8. Qe2 Be7 9. dxe6 Bxe6 10. 0-0 Qd6 11. Nc3 0-0-0 12. b3 Rhe8 13. Ne5 Nd7 14. Ba3 Bf6 15. Ne4 Qd4+ 16. Qe3 Nxe5 17. Nxf6 gxf6 18. fxe5 fxe5 19. Bxc5 1/2-1/2

[Event "Kosice Kotan Memorial 7th"]
[Site "Kosice"]
[Date "2015.07.19"]
[Round "3"]
[White "Antal, Jakub"]
[Black "Sremanak, Slavomir"]
[Result "0-1"]
[WhiteElo "1530"]
[BlackElo "2199"]
[PlyCount "100"]
[EventDate "2015.07.18"]
[EventType "swiss"]
[EventRounds "9"]
[EventCountry "SVK"]
[SourceTitle "EXT 2016"]
[Source "ChessBase"]
[SourceDate "2015.10.08"]
[SourceVersion "1"]
[SourceVersionDate "2015.10.08"]
[SourceQuality "1"]

1. e4 Nf6 2. Nc3 d5 3. exd5 g6 4. d4 Nxd5 5. Nxd5 Qxd5 6. Be3 Bg7 7. c4 Qa5+ 8. Qd2 Qxd2+ 9. Kxd2 c5 10. Ne2 0-0 11. Rd1 cxd4 12. Bxd4 Rd8 13. Kc1 e5 14. Bc3 Bh6+ 15. Bd2 Rxd2 16. Rxd2 Nc6 17. f4 exf4 18. Kb1 f3 19. Rd1 Bf5+ 20. Ka1 fxe2 21. Bxe2 Nb4 22. a3 Nc2+ 23. Ka2 Ne3 24. Rd6 Nxg2 25. Bd3 Bf8 26. Rd4 Bg7 27. Rd6 Be5 28. Rd5 Nf4 29. Rxe5 Nxd3 30. Rb5 b6 31. Rg1 Be6 32. Kb3 Rc8 33. Rbg5 Rxc4 34. Ka2 Rc1+ 35. b3 Rc2+ 36. Ka1 Rxh2 37. R5g2 Rxg2 38. Rxg2 Bxb3 39. Rg3 Bc4 40. Kb1 h5 41. Kc2 Kg7 42. Kc3 Ne5 43. Re3 f6 44. Rxe5 fxe5 45. Kxc4 h4 46. Kd5 h3 47. Kxe5 h2 48. Ke6 h1R 49. Ke7 Re1+ 50. Kd7 Kf6 0-1

[Event "CZE-chT1E 1415"]
[Site "Czech Republic"]
[Date "2015.04.12"]
[Round "11.8"]
[White "Sremanak, Slavomir"]
[Black "Kubos, Rostislav"]
[Result "1-0"]
[WhiteElo "2160"]
[BlackElo "2194"]
[PlyCount "117"]
[EventDate "2014.10.19"]
[EventType "team-tourn"]
[EventRounds "11"]
[EventCountry "CZE"]
[SourceTitle "EXT 2016"]
[Source "ChessBase"]
[SourceDate "2015.10.08"]
[SourceVersion "1"]
[SourceVersionDate "2015.10.08"]
[SourceQuality "1"]
[WhiteTeam "Brno Lokomotiva"]
[BlackTeam "Orlova Slavia"]
[WhiteTeamCountry "CZE"]
[BlackTeamCountry "CZE"]

1. e4 c5 2. a3 g6 3. h4 h5 4. Nf3 Nf6 5. Nc3 d5 6. exd5 Nxd5 7. Ne5 Nxc3 8. Bc4 e6 9. bxc3 Bg7 10. Qe2 Qd6 11. d4 Nc6 12. Bf4 Nxe5 13. dxe5 Qc7 14. Bb5+ Bd7 15. Rd1 Bc6 16. Bxc6+ Qxc6 17. Kf1 0-0 18. Rh3 c4 19. Rd4 Rfd8 20. Qxc4 Qxc4+ 21. Rxc4 b5 22. Rd4 Rxd4 23. cxd4 Rc8 24. Rb3 a6 25. c3 Bf8 26. Ke2 Rc4 27. Kd3 Ra4 28. Bc1 Be7 29. g3 Kf8 30. Kc2 Ke8 31. Rb1 Kd7 32. Ra1 Kc6 33. Kb3 Kd5 34. Bg5 Bf8 35. Bd2 Be7 36. f3 Rc4 37. Rf1 Rc6 38. Bg5 Bf8 39. f4 Bg7 40. Be7 Rc7 41. Bc5 f6 42. exf6 Bxf6 43. Ra1 Rc6 44. Rf1 a5 45. Kc2 a4 46. Kd3 Rc7 47. Rb1 Rb7 48. Rb4 Bd8 49. Ke3 Ba5 50. c4+ Kc6 51. cxb5+ Rxb5 52. Rxa4 Kd5 53. Bb4 Bb6 54. Bc3 Bc7 55. Rb4 Rxb4 56. Bxb4 Bb6 57. Bc5 Ba5 58. Kf3 Be1 59. Bb4 1-0

[Event "SVK-chT1E 1415"]
[Site "Slovakia"]
[Date "2015.03.14"]
[Round "10.1"]
[White "Kociscak, Jiri"]
[Black "Sremanak, Slavomir"]
[Result "1-0"]
[WhiteElo "2439"]
[BlackElo "2160"]
[PlyCount "57"]
[EventDate "2014.10.18"]
[EventType "team-tourn"]
[EventRounds "11"]
[EventCountry "SVK"]
[SourceTitle "EXT 2016"]
[Source "ChessBase"]
[SourceDate "2015.10.08"]
[SourceVersion "1"]
[SourceVersionDate "2015.10.08"]
[SourceQuality "1"]
[WhiteTeam "Zilina"]
[BlackTeam "Margecany"]
[WhiteTeamCountry "SVK"]
[BlackTeamCountry "SVK"]

1. d4 d5 2. c4 Nf6 3. cxd5 g6 4. f3 c6 5. e4 cxd5 6. e5 Ng8 7. Nc3 Nc6 8. Be3 Bh6 9. f4 Bf8 10. Qb3 e6 11. Nf3 Bd7 12. Be2 Na5 13. Qc2 Qc7 14. 0-0 Ne7 15. Rfc1 Rc8 16. Bf2 b5 17. Qd1 Qb8 18. a4 b4 19. Nb5 Rxc1 20. Rxc1 Nec6 21. Bh4 h6 22. Bf6 Rg8 23. Nd6+ Bxd6 24. exd6 Qxd6 25. Ne5 Qb8 26. Bb5 Qb7 27. Qc2 Nc4 28. Nxc4 dxc4 29. Qxc4 1-0

[Event "SVK-chT2D 14/15"]
[Site "Slovakia"]
[Date "2014.11.09"]
[Round "4.6"]
[White "Nemergut, Patrik"]
[Black "Sremanak, Slavomir"]
[Result "1/2-1/2"]
[WhiteElo "2011"]
[BlackElo "2160"]
[PlyCount "110"]
[EventDate "2014.10.11"]
[EventType "team-tourn"]
[EventRounds "11"]
[EventCountry "SVK"]
[SourceTitle "EXT 2019"]
[Source "ChessBase"]
[SourceDate "2018.10.10"]
[SourceVersion "1"]
[SourceVersionDate "2018.10.10"]
[SourceQuality "1"]
[WhiteTeam "Spisska Stara Ves"]
[BlackTeam "Presov Tatran Dason"]
[WhiteTeamCountry "SVK"]
[BlackTeamCountry "SVK"]

1. e4 c6 2. Nf3 d5 3. Nc3 g6 4. d4 Bg7 5. Bf4 dxe4 6. Nxe4 Bg4 7. c3 Nf6 8. Nxf6+ Bxf6 9. h3 Bf5 10. Qb3 Qb6 11. Bc4 0-0 12. 0-0 Qxb3 13. Bxb3 a5 14. Rfe1 a4 15. Bc4 Nd7 16. g4 Nb6 17. Bf1 Be6 18. Ng5 Bc4 19. Ne4 Bg7 20. Bg5 Bxf1 21. Kxf1 f6 22. Bd2 e5 23. Nc5 Nc4 24. Be3 Rf7 25. b3 Nxe3+ 26. fxe3 axb3 27. axb3 Re8 28. Kg2 Bf8 29. Nd3 Rd7 30. b4 b6 31. Ra6 Rb8 32. Rea1 Bd6 33. Rf1 Kg7 34. Nf2 exd4 35. exd4 f5 36. gxf5 gxf5 37. Nd3 Kf6 38. Kf3 Re7 39. Re1 Rxe1 40. Nxe1 Ke6 41. Ra7 Rg8 42. Rxh7 Rg3+ 43. Ke2 Rxc3 44. Nd3 f4 45. Kd2 Ra3 46. Rh5 f3 47. b5 cxb5 48. Rxb5 Bg3 49. d5+ Kd6 50. Rxb6+ Kxd5 51. Rb5+ Ke4 52. Rb4+ Kf5 53. Rb5+ Kf6 54. Rb1 Kg5 55. Rf1 f2 1/2-1/2

[Event "CZE-chT2E 1314"]
[Site "Czech Republic"]
[Date "2014.04.06"]
[Round "11.5"]
[White "Sekanina, Jiri"]
[Black "Sremanak, Slavomir"]
[Result "1/2-1/2"]
[WhiteElo "2112"]
[BlackElo "2191"]
[PlyCount "85"]
[EventDate "2013.11.03"]
[EventType "team-tourn"]
[EventRounds "11"]
[EventCountry "CZE"]
[SourceTitle "EXT 2016"]
[Source "ChessBase"]
[SourceDate "2015.10.08"]
[SourceVersion "1"]
[SourceVersionDate "2015.10.08"]
[SourceQuality "1"]
[WhiteTeam "Lipovec Garde"]
[BlackTeam "Brno Lokomotiva II"]
[WhiteTeamCountry "CZE"]
[BlackTeamCountry "CZE"]

1. c4 c5 2. Nc3 g6 3. g3 Bg7 4. Bg2 Nc6 5. Nf3 e6 6. 0-0 Nge7 7. d3 d5 8. Bg5 h6 9. Bd2 d4 10. Na4 Qd6 11. a3 Rb8 12. b4 b6 13. bxc5 bxc5 14. Rb1 Bd7 15. Rb5 a6 16. Rxb8+ Nxb8 17. Qc2 Bc6 18. Rb1 Nd7 19. Ba5 0-0 20. Nb6 Nb8 21. Na4 f5 22. Rb6 Nc8 23. Rxc6 Nxc6 24. Be1 N8e7 25. Nd2 Ne5 26. Nb3 Nd7 27. Na5 f4 28. Nb7 Qe5 29. Be4 fxg3 30. hxg3 Nf5 31. Qd2 h5 32. Qa5 h4 33. Naxc5 hxg3 34. Nxd7 gxf2+ 35. Bxf2 Qf4 36. Nxf8 Bxf8 37. Qe1 Qg4+ 38. Bg2 Bh6 39. Nc5 Ne3 40. Bxe3 Bxe3+ 41. Kh2 Bf4+ 42. Kg1 Be3+ 43. Kh2 1/2-1/2